[Event "Ch DDR (corr.)"]
[Site "masterchessopen.com - DDR"]
[Round "0"]
[White "Berndt Klaus (GER)"]
[Black "Bade Uwe (GER)"]
[Result "0-1"]
[WhiteElo "2164"]
[BlackElo "2215"]

1.d4 Nf6 2.c4 c5 3.d5 e6 4.Nc3 exd5 5.cxd5 d6 6.Nf3 g6 7.g3 Bg7 8.Bg2 O-O
9.O-O Nbd7 10.Nd2 a6 11.a4 Re8 12.a5 b5 13.axb6 Nxb6 14.Nb3 Nc4 15.Qd3 Rb8
16.Qxc4 Rb4 17.Qd3 Rxb3 18.Qc2 Qb6 19.e4 Bd7 20.h3 Rb8 21.f4 Ne8 22.Rf3 f5
23.Qe2 fxe4 24.Nxe4 Bb5 25.Rxb3 Bxe2 26.Rxb6 Rxb6 27.Nc3 Bd4+ 28.Kh1 Bc4
29.Ra3 Nc7 30.g4 Bxc3 31.Rxc3 Bxd5 32.Bxd5+ Nxd5 33.Rf3 Ne7 34.Kg2 Nc6 35.f5
Ne5 36.Rc3 gxf5 37.gxf5 Kf7 {#R} 0-1

[Event "Cup Mitropa"]
[Site "masterchessopen.com - Europe"]
[Round "5"]
[White "Castagna Renzo (SUI)"]
[Black "Hoffmann Regis (FRA)"]
[Result "1-0"]
[WhiteElo "2060"]
[BlackElo "2097"]

1.d4 Nf6 2.g3 c5 3.d5 e6 4.c4 exd5 5.cxd5 d6 6.Nc3 g6 7.Bg2 Bg7 8.Nf3 O-O
9.O-O Re8 10.Nd2 a6 11.a4 Nbd7 12.Nc4 Nb6 13.Na3 Nbd7 14.Bf4 Ne5 15.Bxe5 Rxe5
16.Nc4 Re8 17.a5 Qc7 18.Nb6 Rb8 19.Rc1 Bh6 20.e3 Bd7 21.b4 c4 22.Qd4 Bg7
23.Qxc4 Qd8 24.Rfe1 Ng4 25.h3 Ne5 26.Qe2 f5 27.b5 Bxb5 28.Nxb5 axb5 29.Qxb5
Re7 30.e4 fxe4 31.Rxe4 Rc7 32.Rxc7 Qxc7 33.f4 Nf7 34.Re8+ Bf8 35.Kh2 Rxe8
36.Qxe8 Qd8 37.Qe6 Bg7 38.h4 Bc3 39.h5 gxh5 40.Be4 h4 41.g4 Qf6 42.Qxf6 Bxf6
43.Kh3 Bc3 44.Nc4 Be1 45.Bf5 Bg3 46.Bc8 {#r} 1-0

[Event "Ch Leningrad"]
[Site "masterchessopen.com - Leningrad (Russia)"]
[Round "0"]
[White "Glianietz Alexander R (RUS)"]
[Black "Pukshansky Mikhail B (RUS)"]
[Result "0-1"]
[WhiteElo "2398"]
[BlackElo "2405"]

1.d4 Nf6 2.c4 c5 3.d5 d6 4.Nc3 g6 5.g3 Bg7 6.Bg2 O-O 7.Nf3 e6 8.O-O exd5
9.cxd5 a6 10.a4 Nbd7 11.Nd2 Re8 12.Nc4 Nb6 13.Na3 Bd7 14.h3 Qc7 15.Bf4 Nh5
16.Bd2 Nxa4 17.Nxa4 b5 18.g4 Nf6 19.Nc3 b4 20.Qc2 bxa3 21.Rxa3 Bb5 22.Re1 Nd7
23.f4 Nb6 24.b3 Qe7 25.Bf3 Qh4 26.Kg2 g5 27.Nxb5 gxf4 28.Bxf4 Qxe1 29.Nxd6
Nxd5 30.Qf5 Rxe2+ 31.Bxe2 Qxe2+ 32.Kg3 Nxf4 33.Qxf7+ Kh8 34.Qxf4 Rf8 {#R} 0-1

[Event "It"]
[Site "masterchessopen.com - Roskilde (Denmark)"]
[Round "10"]
[White "Fedder Steen (DEN)"]
[Black "Helmers Knut J (NOR)"]
[Result "0-1"]
[WhiteElo "2400"]
[BlackElo "2345"]

1.d4 Nf6 2.c4 e6 3.g3 c5 4.d5 exd5 5.cxd5 d6 6.Nc3 g6 7.Bg2 Bg7 8.Nf3 O-O
9.O-O a6 10.a4 Nbd7 11.Nd2 Re8 12.a5 b5 13.axb6 Nxb6 14.Re1 Rb8 15.h3 Bd7
16.Kh2 Bb5 17.e4 Nfd7 18.Bf1 Bxf1 19.Rxf1 Qc8 20.Qc2 c4 21.Nd1 Ne5 22.Ne3 h5
23.Kg2 h4 24.g4 Qc5 25.Rxa6 Nd3 26.Ndxc4 Nb4 {#R} 0-1

[Event "It (cat.9)"]
[Site "masterchessopen.com - Titovo Uzice (Yugoslavia)"]
[Round "0"]
[White "Kovacevic Vladimir (SRB)"]
[Black "Andersson Ulf (SWE)"]
[Result "1-0"]
[WhiteElo "2217"]
[BlackElo "2545"]

1.Nf3 c5 2.c4 Nf6 3.Nc3 g6 4.d4 Bg7 5.d5 O-O 6.g3 d6 7.Bg2 e6 8.O-O exd5
9.cxd5 Re8 10.Nd2 a6 11.a4 Nbd7 12.h3 Rb8 13.Nc4 Nb6 14.Ne3 Bd7 15.a5 Nc8
16.Nc4 Qc7 17.Bd2 b5 18.axb6 Nxb6 19.Na5 Bb5 20.b3 Ra8 21.Re1 Nfd7 22.Rc1 Nc8
23.b4 Na7 24.Ne4 Rac8 25.bxc5 Nxc5 26.Nxc5 dxc5 27.Nc4 Bxc4 28.Rxc4 Nb5 29.e4
Nd6 30.Ra4 Qb6 31.Bf4 Bc3 32.Re3 Bd4 33.Rb3 Nb5 34.Qc2 f6 35.Bf1 Kg7 36.Qa2 c4
37.Bxc4 Rxe4 38.Rxa6 Qc5 39.Rxb5 Qxc4 40.Qxc4 {#r} 1-0

[Event "?"]
[Site "masterchessopen.com - Trstenik (Yugoslavia)"]
[Round "0"]
[White "Spassov Liuben (BUL)"]
[Black "Rajkovic Dusan (SRB)"]
[Result "1-0"]
[WhiteElo "2450"]
[BlackElo "2415"]

1.d4 Nf6 2.c4 c5 3.d5 g6 4.Nc3 d6 5.Nf3 Bg7 6.g3 O-O 7.Bg2 e6 8.O-O exd5
9.cxd5 a6 10.a4 Re8 11.Nd2 Nbd7 12.h3 Rb8 13.Nc4 Nb6 14.Ne3 Bd7 15.Bd2 Nh5
16.a5 Na8 17.Kh2 f5 18.f4 Bb5 19.Bf3 Nf6 20.Qc2 Bd7 21.Nc4 Bb5 22.b3 Nc7
23.Rae1 Bxc4 24.bxc4 b5 25.axb6 Rxb6 26.g4 Nxg4+ 27.hxg4 Qh4+ 28.Kg1 fxg4
29.Bg2 h5 30.Qxg6 Rb2 31.f5 Qf6 32.Nb1 Qxg6 33.fxg6 Na8 34.Rf7 Be5 35.Bh6 Bd4+
36.Kh1 h4 37.Ref1 Rbb8 38.e3 Bxe3 39.Rg7+ Kh8 40.Rh7+ Kg8 41.Bxe3 Rxe3 42.Rxh4
Rb2 43.Rxg4 {#r} 1-0

[Event "It \"]
[Site "masterchessopen.com - Amsterdam (Netherlands)"]
[Round "0"]
[White "Donner Jan-Hein (NED)"]
[Black "Ree Hans (NED)"]
[Result "0-1"]
[WhiteElo "2465"]
[BlackElo "2480"]

1.d4 Nf6 2.c4 g6 3.g3 Bg7 4.Bg2 O-O 5.Nc3 c5 6.d5 d6 7.Nf3 e6 8.O-O exd5
9.cxd5 a6 10.a4 Nbd7 11.Nd2 Re8 12.h3 Rb8 13.Nc4 Ne5 14.Na3 Nh5 15.f4 Nxg3
16.fxe5 Bxe5 17.Nc4 Bxc3 18.bxc3 b5 19.axb5 axb5 20.Ne3 Nxf1 21.Nxf1 Qh4
22.Qd3 b4 23.e4 f5 24.Qg3 Qxg3 25.Nxg3 bxc3 26.Ra3 c2 27.Rc3 fxe4 28.Rxc2 e3
29.Re2 Rb1 30.Re1 Bf5 31.Bf1 c4 32.Rxe3 Rxe3 33.Bxe3 Bxh3 {#R} 0-1

[Event "It (cat.8)"]
[Site "masterchessopen.com - Karlovac (Slovenia)"]
[Round "0"]
[White "Kovacevic Vladimir (SRB)"]
[Black "Nemet Ivan (SUI)"]
[Result "1-0"]
[WhiteElo "2217"]
[BlackElo "2470"]

1.d4 Nf6 2.Nf3 c5 3.c4 g6 4.Nc3 Bg7 5.d5 O-O 6.g3 d6 7.Bg2 e6 8.O-O exd5
9.cxd5 a6 10.a4 Nbd7 11.Nd2 Re8 12.h3 Rb8 13.Nc4 Ne5 14.Na3 Nh5 15.e4 f5
16.exf5 Bxf5 17.g4 Bxg4 18.hxg4 Qh4 19.gxh5 Rf8 20.h6 Bh8 21.Nc4 Ng4 22.Qxg4
Qxg4 23.Nxd6 Be5 24.Nde4 Rf3 25.Ng5 Rbf8 26.Nxf3 Rxf3 27.Re1 Rxf2 28.Kxf2 Bg3+
29.Kg1 Bxe1 30.Be3 Qg3 31.Bxc5 Bd2 32.Ne4 Be3+ 33.Bxe3 Qxe3+ 34.Nf2 Kf8 35.d6
Ke8 36.Rd1 Qxh6 37.d7+ Kd8 38.Bh3 {#r} 1-0

[Event "Ch Moscow"]
[Site "masterchessopen.com - Moscow (Russia)"]
[Round "0"]
[White "Baikov Vladimir A (RUS)"]
[Black "Kalinitschew Sergey (GER)"]
[Result "0-1"]
[WhiteElo "2418"]
[BlackElo "2420"]

1.d4 Nf6 2.c4 c5 3.d5 e6 4.Nc3 exd5 5.cxd5 d6 6.Nf3 g6 7.g3 Bg7 8.Bg2 O-O
9.O-O a6 10.a4 Re8 11.Nd2 Nbd7 12.a5 b5 13.axb6 Nxb6 14.Nb3 Qc7 15.Na5 Bd7
16.Nc6 Bxc6 17.dxc6 d5 18.Nxd5 Nbxd5 19.Bxd5 Rad8 20.Bf4 Qc8 21.e4 Rxe4
22.Bxe4 Rxd1 23.Raxd1 Nxe4 24.c7 Bd4 25.b4 Nc3 26.bxc5 Ne2+ 27.Kh1 Nxf4
28.gxf4 Bf6 29.Rd6 Kg7 30.Rc1 Qxc7 31.f3 a5 32.Kg2 a4 33.Rc2 Be7 34.Rd3 Qxf4
35.c6 Bd8 36.Kf1 Bc7 37.Ke1 Qb4+ 38.Kf2 Bxh2 39.Rd7 Bc7 40.Re2 Qh4+ 41.Ke3
Qf4+ 42.Kf2 a3 {#R} 0-1

[Event "It"]
[Site "masterchessopen.com - Reggio Emilia (Italy)"]
[Round "0"]
[White "Cappello Renato (ITA)"]
[Black "Cramling Dan (SWE)"]
[Result "0-1"]
[WhiteElo "2410"]
[BlackElo "2392"]

1.d4 Nf6 2.c4 c5 3.d5 e6 4.Nc3 exd5 5.cxd5 d6 6.Nf3 g6 7.g3 Bg7 8.Bg2 O-O
9.O-O a6 10.a4 Nbd7 11.Nd2 Re8 12.Nc4 Nb6 13.Na3 Bd7 14.Bf4 Nh5 15.Bd2 Bxc3
16.bxc3 Bxa4 17.Qc1 Bd7 18.Re1 f6 19.e4 Qc7 20.Rb1 Nc8 21.c4 Rb8 22.Bc3 Qd8
23.f4 b5 24.Ba1 b4 25.e5 Bf5 26.Be4 Bxe4 27.Rxe4 dxe5 28.fxe5 Nd6 29.Re1 fxe5
30.Rb3 bxa3 31.Rxa3 Rb4 32.Rxa6 Rxc4 33.Qa3 Qg5 34.Rxd6 Qd2 35.Qe3 Qxe3+
36.Rxe3 Rc1+ 37.Kg2 Rxa1 38.Rc6 Rd1 39.Rxc5 e4 {#R} 0-1

[Event "It (open) (b)"]
[Site "masterchessopen.com - Biel (Switzerland)"]
[Round "1"]
[White "Einwiller Bernd (GER)"]
[Black "Sekulic Dusan (SRB)"]
[Result "0-1"]
[WhiteElo "2193"]
[BlackElo "2302"]

1.d4 Nf6 2.c4 c5 3.Nf3 g6 4.Nc3 Bg7 5.d5 d6 6.g3 O-O 7.Bg2 e6 8.O-O exd5
9.cxd5 Re8 10.Nd2 a6 11.a4 Nbd7 12.Nc4 Nb6 13.Nxb6 Qxb6 14.e4 Ng4 15.a5 Qc7
16.h3 Nf6 17.Qc2 b5 18.axb6 Qxb6 19.Nd1 Bd7 20.Ne3 Bb5 21.Nc4 Bxc4 22.Qxc4 Nd7
23.Rb1 Reb8 24.b3 Qb5 25.Bf4 Ne5 26.Bxe5 Qxc4 27.bxc4 Bxe5 28.Rfc1 Rxb1
29.Rxb1 a5 30.Bf3 a4 31.Bd1 a3 32.Bb3 a2 {#R} 0-1

[Event "Ch Armed Forces"]
[Site "masterchessopen.com - Alma-Ata (Kazakhstan)"]
[Round "0"]
[White "Glyanets A (RUS)"]
[Black "Moskalenko Viktor (UKR)"]
[Result "0-1"]
[WhiteElo "2327"]
[BlackElo "2558"]

1.d4 Nf6 2.c4 c5 3.d5 e6 4.Nc3 exd5 5.cxd5 d6 6.g3 g6 7.Bg2 Bg7 8.Nf3 O-O
9.O-O a6 10.a4 Nbd7 11.Nd2 Re8 12.h3 Rb8 13.Nc4 Ne5 14.Na3 Nh5 15.Kh2 f5 16.f4
Nd7 17.Nc4 Qc7 18.e4 b5 19.axb5 axb5 20.Ne3 b4 21.Ne2 fxe4 22.g4 Nhf6 23.Ng3
Nb6 24.g5 Nh5 25.Nxh5 gxh5 26.f5 Be5+ 27.Kh1 Qf7 28.Bxe4 Bd4 29.Qd3 Bb7 30.g6
hxg6 31.fxg6 Qe7 32.Rf4 Qg5 33.Ng2 Qe5 34.Ra7 Bxd5 35.Bxd5+ Qxd5 36.Bd2 Bxb2
37.Qf1 Qxd2 38.Rff7 Qd5 39.Qb1 Re2 40.Qf1 Qxg2+ 41.Qxg2 Rxg2 42.Kxg2 Be5
43.Rh7 b3 {#R} 0-1

[Event "Tournament"]
[Site "masterchessopen.com - Athens (Greece)"]
[Round "0"]
[White "Trikaliotis Georgios (GRE)"]
[Black "Makropoulos Georgios (GRE)"]
[Result "0-1"]
[WhiteElo "2247"]
[BlackElo "2455"]

1.d4 Nf6 2.c4 e6 3.Nf3 c5 4.d5 exd5 5.cxd5 d6 6.Nc3 g6 7.g3 Bg7 8.Bg2 O-O
9.O-O Re8 10.Nd2 a6 11.a4 Nbd7 12.h3 Nh5 13.Nde4 Ndf6 14.Nxf6+ Nxf6 15.e4 Rb8
16.Qd3 Nd7 17.f4 b5 18.axb5 axb5 19.Be3 f5 20.Bf2 b4 21.Nd1 fxe4 22.Bxe4 Nf6
23.Bg2 Bf5 24.Qc4 Ne4 25.Be1 Bd4+ 26.Kh2 Bd7 27.Qc2 Bb5 28.Rh1 Nf6 29.Bf3 Rb7
30.Bf2 Bxf2 31.Nxf2 Re3 32.Kg2 Rbe7 33.Rhd1 Qe8 34.Rd2 b3 35.Qc1 Be2 36.Bxe2
Rxe2 37.Kf1 Qb5 38.Nd3 R2e3 39.Ra8+ Kf7 40.Qc3 Ne4 {#R} 0-1

[Event "It (cat.15)"]
[Site "masterchessopen.com - Bad Kissingen (Germany)"]
[Round "0"]
[White "Unzicker Wolfgang (GER)"]
[Black "Huebner Robert Dr (GER)"]
[Result "0-1"]
[WhiteElo "2510"]
[BlackElo "2600"]

1.d4 Nf6 2.c4 g6 3.g3 c5 4.d5 Bg7 5.Bg2 O-O 6.Nc3 d6 7.Nf3 e6 8.O-O exd5
9.cxd5 a6 10.a4 Re8 11.Nd2 Nbd7 12.Nc4 ( 12.a5 b5 13.axb6 Nxb6 14.Nb3 Nc4 { !
} 15.Qd3 Rb8 { ! ^20 } ) 12...Ne5 { ! } 13.Na3 Nh5 14.e3 f5 15.Bd2 Bd7 16.Qe2
Rb8 17.Rab1 Nf7 { ! } 18.Bf3 f4 { ! } 19.Bxh5 fxe3 20.Bxg6 ( 20.Bxe3 gxh5
21.Qxh5 b5 { ! } 22.axb5 axb5 23.Nc2 b4 24.Ne2 Ne5 { ^20 } ) 20...hxg6 21.Bxe3
Bh3 22.Rfe1 Ne5 23.f3 Ng4 { ! } 24.fxg4 Rxe3 25.Qxe3 ( 25.Qd1 Rxe1+ 26.Qxe1
Bd4+ 27.Kh1 Bxg4 { ^20 } ) 25...Bd4 26.Nc2 Bxe3+ 27.Nxe3 Qe7 28.Ng2 Qf6 29.Re4
Rf8 30.Rf4 Qg7 31.Rbf1 Rxf4 32.Rxf4 g5 33.Re4 Bxg2 34.Kxg2 b5 35.axb5 axb5
36.Re8+ Kh7 37.Ne4 Qxb2+ 38.Kh3 Qc1 39.Re7+ Kg8 40.Kg2 Qc2+ 41.Kh3 Qc1 42.Kg2
Qc2+ 43.Kh3 Qd1 {#R} 0-1

[Event "Ch World (juniors) (under 20)"]
[Site "masterchessopen.com - Dortmund (Germany)"]
[Round "13"]
[White "Toro Sanchez Bernardo (CHI)"]
[Black "Danailov Silvio (BUL)"]
[Result "0-1"]
[WhiteElo "2220"]
[BlackElo "2295"]

1.d4 Nf6 2.c4 c5 3.d5 e6 4.Nc3 exd5 5.cxd5 d6 6.g3 g6 7.Bg2 Bg7 8.Nf3 O-O
9.O-O a6 10.a4 Nbd7 11.Nd2 Re8 12.h3 Rb8 13.Nc4 Ne5 14.Na3 Nh5 15.Bd2 f5
16.Re1 Bd7 17.Rb1 b5 18.axb5 axb5 19.b4 c4 20.Nc2 Nf7 21.Bf3 Kh8 22.Kh2 f4
23.Ne4 fxg3+ 24.fxg3 Bf5 25.Nf2 Be5 26.Bxh5 gxh5 27.Bf4 Rg8 28.e4 h4 29.Bxe5+
Nxe5 30.g4 Bd7 31.Nd4 Qb6 32.Kg2 Rbf8 33.Rf1 h5 34.Qd2 Kh7 35.Kh1 Nf3 36.Nxf3
Rxf3 37.e5 dxe5 38.Qc2+ Kh8 39.Qd2 c3 40.Qe2 Re3 41.Qc2 Be8 42.Rbe1 Rf8 43.Kg2
Bf7 44.Rd1 Bg6 45.Qc1 Rg3+ 46.Kh1 Rxf2 {#R} 0-1

[Event "Ch Netherlands"]
[Site "masterchessopen.com - Leeuwarden (Netherlands)"]
[Round "2"]
[White "Scheeren Peter (NED)"]
[Black "Timman Jan H (NED)"]
[Result "0-1"]
[WhiteElo "2360"]
[BlackElo "2600"]

1.d4 e6 2.c4 Nf6 3.g3 c5 4.d5 exd5 5.cxd5 d6 6.Nc3 g6 7.Bg2 Bg7 8.Nf3 O-O
9.O-O Re8 10.Nd2 a6 11.a4 Nbd7 12.h3 Rb8 13.Nc4 Ne5 14.Na3 Nh5 15.e4 Rf8 16.g4
Qh4 17.gxh5 Bxh3 18.h6 Bh8 19.Ne2 f5 20.exf5 Rxf5 21.Ng3 Rbf8 22.Nxf5 Rxf5
23.Qb3 Bxg2 24.Kxg2 Qe4+ 25.f3 Nxf3 26.Qxf3 Rxf3 27.Rxf3 Qe2+ 28.Rf2 Qg4+
29.Kf1 Qd1+ 30.Kg2 Bd4 31.Rb1 Qg4+ 32.Kf1 Qd1+ 33.Kg2 Qg4+ 34.Kf1 b5 35.axb5
axb5 36.Ra1 Bxf2 37.Kxf2 Qa4 38.Rb1 Qh4+ 39.Ke2 Qe4+ 40.Kd1 Qf3+ 41.Kd2 Qxd5+
{#R} 0-1

[Event "Ch Russia (1/2 final)"]
[Site "masterchessopen.com - Russia"]
[Round "0"]
[White "Kharlamov Vladimir P (RUS)"]
[Black "Dvoirys Semen I (RUS)"]
[Result "0-1"]
[WhiteElo "2418"]
[BlackElo "2598"]

1.d4 Nf6 2.c4 c5 3.d5 e6 4.Nc3 exd5 5.cxd5 d6 6.g3 g6 7.Bg2 Bg7 8.Nf3 O-O
9.O-O a6 10.a4 Nbd7 11.Nd2 Re8 12.h3 Rb8 13.Nc4 Ne5 14.Na3 Nh5 15.e4 f5
16.exf5 Bxf5 17.g4 Bxg4 18.hxg4 Qh4 19.gxh5 Rf8 20.Bg5 Qxg5 21.Ne4 Qh4 22.Qb3
Rf4 23.Rfe1 Rbf8 24.Qg3 Qxh5 25.Re3 Ng4 26.Re2 Bd4 27.Rf1 Ne5 28.Re3 Rg4
29.Qh3 Bxe3 30.Qxh5 Nf3+ 31.Kh1 gxh5 {#R} 0-1

[Event "It (cat.6)"]
[Site "masterchessopen.com - Virovitica (Croatia)"]
[Round "0"]
[White "Kovacevic Vladimir (SRB)"]
[Black "Horvath Tamas I (HUN)"]
[Result "0-1"]
[WhiteElo "2217"]
[BlackElo "2318"]

1.d4 Nf6 2.Nf3 c5 3.c4 e6 4.d5 exd5 5.cxd5 g6 6.Nc3 Bg7 7.g3 d6 8.Bg2 O-O
9.O-O Re8 10.Nd2 Nbd7 11.a4 a6 12.h3 Rb8 13.Nc4 Ne5 14.Na3 Nh5 15.e4 Rf8
16.Re1 f5 17.exf5 Bxf5 18.Rxe5 Bxe5 19.g4 b5 20.axb5 axb5 21.Ne2 Bxg4 22.hxg4
Qh4 23.Be3 Bh2+ 24.Kf1 Rxf2+ 25.Bxf2 Rf8 26.Qe1 Ng3+ 27.Nxg3 Bxg3 28.Nxb5
Rxf2+ 29.Qxf2 Bxf2 30.Nxd6 Bd4 31.Ra8+ Kg7 32.Ra7+ Kf8 33.Ra8+ Ke7 34.Ne4 Qxg4
35.d6+ Ke6 36.Re8+ Kd7 37.Re7+ Kd8 38.Bh1 Qg1+ 39.Ke2 Qxh1 40.Kd3 Qf1+ 41.Kc2
c4 {#R} 0-1

[Event "Ch Yugoslavia"]
[Site "masterchessopen.com - Yugoslavia"]
[Round "0"]
[White "Kovacevic Vladimir (SRB)"]
[Black "Ilic Zoran (SRB)"]
[Result "0-1"]
[WhiteElo "2217"]
[BlackElo "2349"]

1.d4 c5 2.d5 Nf6 3.c4 e6 4.Nc3 exd5 5.cxd5 d6 6.Nf3 g6 7.g3 Bg7 8.Bg2 O-O
9.O-O Nbd7 10.Nd2 a6 11.a4 Re8 12.h3 Rb8 13.Nc4 Nb6 14.Na3 Bd7 15.a5 Nc8
16.Nc4 Bb5 17.Qb3 Bxc4 18.Qxc4 Nd7 19.Ra3 Ne5 20.Qa2 Na7 21.f4 Nd7 22.Qc4 Qc8
23.e4 b5 24.axb6 Rxb6 25.Ra5 Nb5 26.Bd2 Nd4 27.Na4 Rb5 28.Bc3 Qb7 29.Rf2 Rxa5
30.Bxa5 Qb5 31.Qxb5 axb5 32.Nb6 Nb3 33.Nxd7 Nxa5 34.e5 dxe5 35.fxe5 Bxe5
36.Nxe5 Rxe5 37.Rf6 Re2 38.Ra6 Nc4 39.Rc6 Rxb2 40.Rxc5 Kg7 {#R} 0-1

[Event "?"]
[Site "masterchessopen.com - Yugoslavia"]
[Round "0"]
[White "Kovacevic Vladimir (SRB)"]
[Black "Ilic Zoran (SRB)"]
[Result "0-1"]
[WhiteElo "2217"]
[BlackElo "2349"]

1.d4 c5 2.d5 Nf6 3.c4 e6 4.Nc3 exd5 5.cxd5 d6 6.Nf3 g6 7.g3 Bg7 8.Bg2 O-O
9.O-O Nbd7 10.Nd2 a6 11.a4 Re8 12.h3 Rb8 13.Nc4 Nb6 14.Ne3 Nbd7 15.Nc4 Nb6
16.Na3 Bd7 17.a5 Nc8 18.Nc4 Bb5 19.Qb3 Bxc4 20.Qxc4 Nd7 21.Ra3 Ne5 22.Qa2 Na7
23.f4 Nd7 24.Qc4 Qc8 25.e4 b5 26.axb6 Rxb6 27.Ra5 Nb5 28.Bd2 Nd4 29.Na4 Rb5
30.Bc3 Qb7 31.Rf2 Rxa5 32.Bxa5 Qb5 33.Qxb5 axb5 34.Nb6 Nb3 35.Nxd7 Nxa5 36.e5
dxe5 37.fxe5 Bxe5 38.Nxe5 Rxe5 39.Rf6 Re2 40.Ra6 Nc4 41.Rc6 Rxb2 42.Rxc5 Kg7
{#R} 0-1

[Event "Ch Yugoslavia"]
[Site "masterchessopen.com - Yugoslavia"]
[Round "0"]
[White "Ljubojevic Ljubomir (SRB)"]
[Black "Hulak Krunoslav (CRO)"]
[Result "0-1"]
[WhiteElo "2590"]
[BlackElo "2475"]

1.d4 Nf6 2.c4 e6 3.Nf3 c5 4.d5 exd5 5.cxd5 d6 6.Nc3 g6 7.g3 Bg7 8.Bg2 O-O
9.O-O Re8 10.Nd2 a6 11.a4 Nbd7 12.h3 Rb8 13.Nc4 Nb6 14.Na3 Bd7 15.e4 Nc8
16.Qd3 Qc7 17.Rb1 c4 18.Qc2 b5 19.axb5 axb5 20.b4 cxb3 21.Qxb3 b4 22.Qc4 Qxc4
23.Nxc4 Na7 24.Be3 bxc3 25.Rxb8 Rxb8 26.Bxa7 Ra8 27.Be3 Bb5 28.Nb6 Bxf1
29.Nxa8 Bxg2 30.Kxg2 Nxe4 31.Kf3 f5 32.Ke2 c2 33.Kd3 Nxf2+ 34.Kxc2 Nxh3 35.Bd2
Be5 36.Be1 Ng5 37.Nb6 Kf7 38.Nc4 Kf6 39.Nxd6 Bd4 40.Nc4 Ne4 41.Kd3 Be5 42.Ke3
Bxg3 43.Bxg3 Nxg3 44.Nd6 Ke5 {#R} 0-1

[Event "It \"]
[Site "masterchessopen.com - London (England)"]
[Date "1981.08.27"]
[Round "3"]
[White "Levitt Jonathan (ENG)"]
[Black "Kosten Anthony C (FRA)"]
[Result "0-1"]
[WhiteElo "2420"]
[BlackElo "2498"]

1.d4 Nf6 2.c4 c5 3.d5 e6 4.Nc3 exd5 5.cxd5 d6 6.g3 g6 7.Bg2 Bg7 8.Nf3 O-O
9.O-O a6 10.a4 Nbd7 11.Nd2 Re8 12.Qb3 Ne5 13.h3 Nh5 14.Kh2 f5 15.f4 Nf7 16.Nc4
Rb8 17.a5 Nf6 18.Re1 h5 19.e4 fxe4 20.Nxe4 Nxe4 21.Rxe4 Rxe4 22.Bxe4 Qe7
23.Bg2 Qe1 24.Qa4 h4 25.gxh4 Bf5 26.Bd2 Qxh4 27.Re1 Nh6 28.Nxd6 Bxh3 29.Re8+
Rxe8 30.Qxe8+ Kh7 31.Be1 Ng4+ 32.Kh1 Bxg2+ 33.Kxg2 Qh2+ 34.Kf3 Qh3+ 35.Bg3
Nh2+ 36.Ke2 Qxg3 37.Qe4 Qg4+ 38.Kd3 Qd1+ {#R} 0-1

[Event "Ch Netherlands"]
[Site "masterchessopen.com - Amsterdam (Netherlands)"]
[Round "5"]
[White "Donner Jan-Hein (NED)"]
[Black "Ree Hans (NED)"]
[Result "0-1"]
[WhiteElo "2430"]
[BlackElo "2490"]

1.d4 Nf6 2.c4 g6 3.g3 Bg7 4.Bg2 c5 5.d5 O-O 6.Nc3 d6 7.Nf3 e6 8.O-O exd5
9.cxd5 Re8 10.Nd2 a6 11.a4 Nbd7 12.h3 Rb8 13.a5 b5 14.axb6 Nxb6 15.e4 Nfd7
16.f4 Qc7 17.Re1 c4 18.Na4 Nxa4 19.Rxa4 Nb6 20.Ra2 f5 21.Kh2 Bb7 22.Nf1 fxe4
23.Rxe4 Rxe4 24.Bxe4 Re8 25.Bg2 Qc5 26.b4 cxb3 27.Re2 Rxe2 28.Qxe2 Bxd5 29.Bb2
Bxb2 {#R} 0-1

[Event "Zt (cat.10)"]
[Site "masterchessopen.com - Baile Herculane (Romania)"]
[Round "0"]
[White "Inkiov Ventzislav (BUL)"]
[Black "Gheorghiu Florin (ROM)"]
[Result "0-1"]
[WhiteElo "2475"]
[BlackElo "2535"]

1.d4 Nf6 2.c4 c5 3.d5 g6 4.Nf3 d6 5.g3 e6 6.Nc3 exd5 7.cxd5 Bg7 8.Bg2 O-O
9.O-O Re8 10.Nd2 a6 11.a4 Nbd7 12.Nc4 Nb6 13.Nd2 Bd7 14.Qb3 Rb8 15.Re1 Qc7
16.a5 Nc8 17.Nc4 b5 18.axb6 Nxb6 19.Na5 Na4 20.Qd1 Nxc3 21.bxc3 Ne4 22.Bxe4
Bxc3 23.Qc2 Bxa1 24.Nc4 Bg7 25.Bf4 Bf8 26.h4 Bb5 27.Ne3 Qa5 28.Rc1 Qa4 29.Ng4
Qxc2 30.Nf6+ Kg7 31.Nxe8+ Rxe8 32.Bxc2 Bxe2 33.Bd1 Bb5 {#R} 0-1

[Event "Zt"]
[Site "masterchessopen.com - Randers (Denmark)"]
[Round "6"]
[White "Birnboim Nathan (ISR)"]
[Black "Arnason Jon L (ISL)"]
[Result "0-1"]
[WhiteElo "2460"]
[BlackElo "2455"]

1.d4 Nf6 2.c4 e6 3.g3 c5 4.d5 exd5 5.cxd5 d6 6.Nc3 g6 7.Bg2 Bg7 8.Nf3 O-O
9.O-O a6 10.a4 Nbd7 11.Nd2 Re8 12.h3 Rb8 13.Nc4 Ne5 14.Na3 Nh5 15.e4 Rf8
16.Kh2 f5 17.f4 b5 18.fxe5 Nxg3 19.Kxg3 Bxe5+ 20.Kf2 Qh4+ 21.Kg1 Qg3 22.Rf3
Qh2+ 23.Kf1 Bd7 24.Nc4 bxc4 25.Ra3 fxe4 26.Nxe4 Bxh3 27.Bxh3 Qxh3+ 28.Ke2 Qg2+
29.Nf2 c3 30.Rxf8+ Rxf8 31.Be3 Qf3+ 32.Kd3 c4+ 33.Kxc4 Qxe3 34.Ng4 Rf4+ 35.Kb3
Qb6+ 36.Kc2 {#R} 0-1

[Event "It (cat.9)"]
[Site "masterchessopen.com - Rome (Italy)"]
[Round "1"]
[White "Marovic Drazen (CRO)"]
[Black "Soos Bela (GER)"]
[Result "1-0"]
[WhiteElo "2440"]
[BlackElo "2415"]

1.d4 Nf6 2.c4 c5 3.d5 e6 4.Nc3 exd5 5.cxd5 d6 6.Nf3 g6 7.g3 Bg7 8.Bg2 O-O
9.O-O Re8 10.Nd2 a6 11.a4 Nbd7 12.h3 Rb8 13.Nc4 Ne5 14.Na3 Nh5 15.e4 c4 16.Be3
Qc7 17.a5 Qxa5 18.Nxc4 Qc7 19.Nxe5 Bxe5 20.Qd2 Bd7 21.Ne2 Rbc8 22.Rfc1 Qb8
23.g4 Ng7 24.f4 Bf6 25.g5 Be7 26.Bd4 Rxc1+ 27.Rxc1 Rc8 28.Re1 Qc7 29.Bc3 Qc4
30.Ng3 Qa4 31.Kh2 Bf8 32.e5 Bf5 33.e6 Re8 34.Ne4 Bxe4 35.Rxe4 Qb5 36.Rb4 Qc5
37.Rxb7 fxe6 38.dxe6 Re7 39.Rb8 Re8 40.Rb7 Re7 41.Bd5 Nf5 42.b4 {#r} 1-0

[Event "Ch Yugoslavia"]
[Site "masterchessopen.com - Vrbas (Yugoslavia)"]
[Round "1"]
[White "Ljubojevic Ljubomir (SRB)"]
[Black "Barlov Dragan (SRB)"]
[Result "1-0"]
[WhiteElo "2600"]
[BlackElo "2425"]

1.d4 Nf6 2.c4 c5 3.d5 e6 4.Nc3 exd5 5.cxd5 d6 6.g3 g6 7.Bg2 Bg7 8.Nf3 O-O
9.O-O Re8 10.Nd2 a6 11.a4 Nbd7 12.h3 Rb8 13.Nc4 Nb6 14.Na3 Bd7 15.e4 Nc8
16.Qd3 b5 17.axb5 axb5 18.Naxb5 Bxb5 19.Nxb5 Nd7 20.Nc3 Ne5 21.Qc2 Qb6 22.Ra3
Nc4 23.Qa4 {#r} 1-0

[Event "It \"]
[Site "masterchessopen.com - Amsterdam (Netherlands)"]
[Round "0"]
[White "Van Der Sterren Paul (NED)"]
[Black "Short Nigel D (ENG)"]
[Result "1-0"]
[WhiteElo "2445"]
[BlackElo "2475"]

1.d4 e6 2.Nf3 Nf6 3.c4 c5 4.d5 exd5 5.cxd5 d6 6.Nc3 g6 7.g3 Bg7 8.Bg2 O-O
9.O-O a6 10.a4 Re8 11.Nd2 Nbd7 12.h3 Rb8 13.Nc4 Nb6 14.Na3 Bf5 15.g4 Bd7
16.Bf4 Nc8 17.Qd3 Re7 18.Nc4 Be8 19.Qg3 Rd7 20.a5 Bf8 21.e4 b5 22.axb6 Nxb6
23.Nxd6 Nfxd5 24.exd5 Bxd6 25.Rxa6 g5 26.Bxd6 Rxd6 27.Ne4 Rg6 28.Rd1 Bb5
29.Ra7 Rc8 30.Nc3 Bd7 31.d6 Be6 32.Be4 Rh6 33.Nd5 Bxd5 34.Bxd5 Nd7 35.Re1 Kh8
36.Re7 Nb6 37.Qe5+ f6 38.Qxf6+ {#r} 1-0

[Event "Tournament"]
[Site "masterchessopen.com - Athens (Greece)"]
[Round "0"]
[White "Trikaliotis Georgios (GRE)"]
[Black "Barczay Laszlo (HUN)"]
[Result "1-0"]
[WhiteElo "2247"]
[BlackElo "2435"]

1.d4 Nf6 2.c4 e6 3.Nf3 c5 4.d5 exd5 5.cxd5 d6 6.Nc3 g6 7.g3 Bg7 8.Bg2 O-O
9.O-O Re8 10.Nd2 Nbd7 11.a4 a6 12.Nc4 Nb6 13.Na3 Bd7 14.e4 Nxa4 15.Nxa4 b5
16.Nxc5 dxc5 17.Re1 b4 18.Nc2 Bb5 19.e5 b3 20.Na3 Nd7 21.e6 Ne5 22.Nxb5 axb5
23.Rxa8 Qxa8 24.d6 Qd8 25.e7 Qd7 26.Bf4 Nc4 27.Bc6 {#r} 1-0